000 00966nas a2200301 4500
001 BR2013009200
003 BR-BrBNA
005 20231205123227.0
007 ta
008 230509b bl.|||p| |||| 00| 00por d
040 _aBR-BrBNA
_bpor
_cBiblioteca Nacional de Agricultura
041 _a(En)
072 _aL73
100 1 _aGalati, E.A.B.
100 1 _aMarassá, A.M.
100 1 _aGonçalves-Andrade, R.M.
100 1 _aConsales, C.A.
100 1 _aBueno, E.F.M.
245 1 _aPhlebotomines (Diptera, Psychodidae)in the Speleological province of the Ribeira Valley: 2. Parque Estadual do Alto Ribeira (PETAR), São Paulo, Brazil
650 _aMOSQUITO
650 _aLEISHMANIOSE
650 _aVETOR
650 _aECOLOGIA
650 _aSÃO PAULO
773 0 _tRevista Brasileira de Entomologia (Brazil)
_xISSN 0085-5626
_g(Jul-Sep 2010), v. 54(3) p. 477-487
_wBR2013009200
909 _a202311
_bLúcia
_c55
_dLúcia Elande
942 _2AGRIS
_n0
_cANA
999 _c232809
_d232809